[Event "Luxembourg-ch"]
[Site "Luxembourg"]
[Date "1999.04.11"]
[Round "9"]
[White "Kramer, Marcel"]
[Black "Kneip, Jean Paul"]
[Result "1/2-1/2"]
[WhiteElo "1773"]
[BlackElo "1743"]
[PlyCount "38"]
[EventDate "1999.04.03"]
[EventType "swiss"]
[EventRounds "9"]
[EventCountry "LUX"]
[SourceTitle "EXT 2005"]
[Source "ChessBase"]
[SourceDate "2004.11.15"]
[SourceVersion "1"]
[SourceVersionDate "2004.11.15"]
[SourceQuality "1"]

1. c4 Nf6 2. Nc3 e5 3. g3 Bc5 4. Bg2 0-0 5. Nf3 d6 6. d3 c6 7. a3 a5 8. Bg5 Bg4 9. Ne4 Nbd7 10. Nfd2 Qb6 11. Nxc5 Nxc5 12. Qc2 Nfd7 13. Be7 Rfe8 14. Bxd6 f5 15. Bxc5 Nxc5 16. Rb1 a4 17. h3 Bh5 18. Qc3 Ne6 19. 0-0 Nd4 1/2-1/2

[Event "Luxembourg-ch"]
[Site "Luxembourg"]
[Date "1999.04.09"]
[Round "7"]
[White "Ludewig, Robert"]
[Black "Kramer, Marcel"]
[Result "1-0"]
[WhiteElo "1901"]
[BlackElo "1773"]
[PlyCount "57"]
[EventDate "1999.04.03"]
[EventType "swiss"]
[EventRounds "9"]
[EventCountry "LUX"]
[SourceTitle "EXT 2005"]
[Source "ChessBase"]
[SourceDate "2004.11.15"]
[SourceVersion "1"]
[SourceVersionDate "2004.11.15"]
[SourceQuality "1"]

1. f4 d5 2. Nf3 Nf6 3. b3 e6 4. e3 c5 5. Bb2 Be7 6. Bd3 Nbd7 7. 0-0 0-0 8. Nc3 b6 9. Ne2 Qc7 10. Ng3 c4 11. Be2 Bb7 12. Rc1 b5 13. Qe1 Ne4 14. Nxe4 dxe4 15. Qg3 Nf6 16. Ne5 Rad8 17. Bd4 Ba6 18. h4 Kh8 19. h5 Bc5 20. h6 g6 21. Qg5 Be7 22. Nc6 Rxd4 23. Nxe7 Qxe7 24. exd4 Rd8 25. c3 Rd5 26. Qh4 Rd7 27. bxc4 bxc4 28. Rb1 Rd8 29. Rb4 1-0

[Event "Luxembourg-chT 9899"]
[Site "Luxembourg"]
[Date "1999.03.14"]
[Round "9"]
[White "Kramer, Marcel"]
[Black "Daubenfeld, Gilles"]
[Result "0-1"]
[WhiteElo "1830"]
[BlackElo "1785"]
[PlyCount "32"]
[EventDate "1998.10.08"]
[EventType "team"]
[EventRounds "10"]
[EventCountry "LUX"]
[SourceTitle "EXT 2005"]
[Source "ChessBase"]
[SourceDate "2004.11.15"]
[SourceVersion "1"]
[SourceVersionDate "2004.11.15"]
[SourceQuality "1"]

1. c4 e5 2. Nc3 Nc6 3. g3 g6 4. Bg2 Bg7 5. e3 d6 6. d4 exd4 7. Bxc6+ bxc6 8. exd4 Ne7 9. Nge2 0-0 10. 0-0 Re8 11. f3 Nf5 12. Qd3 Ba6 13. b3 d5 14. Bf4 dxc4 15. bxc4 Nxd4 16. Nxd4 Qxd4+ 0-1

[Event "Luxembourg-chT 9899"]
[Site "Luxembourg"]
[Date "1998.11.08"]
[Round "3"]
[White "Simon, Bernard1111"]
[Black "Kramer, Marcel"]
[Result "1-0"]
[WhiteElo "1985"]
[BlackElo "1830"]
[PlyCount "149"]
[EventDate "1998.10.08"]
[EventType "team"]
[EventRounds "10"]
[EventCountry "LUX"]
[SourceTitle "EXT 2005"]
[Source "ChessBase"]
[SourceDate "2004.11.15"]
[SourceVersion "1"]
[SourceVersionDate "2004.11.15"]
[SourceQuality "1"]

1. Nf3 d5 2. g3 Nf6 3. Bg2 c5 4. c4 e6 5. 0-0 Nc6 6. cxd5 exd5 7. d4 h6 8. dxc5 Bxc5 9. b3 0-0 10. Ba3 b6 11. Bxc5 bxc5 12. Qc2 Qe7 13. Rc1 Nd7 14. e3 Ba6 15. Qd2 Nf6 16. Nc3 Rfd8 17. Na4 Ne4 18. Qe1 Nb4 19. Nb2 Rac8 20. Nd2 Qe5 21. Nxe4 dxe4 22. Nc4 Bxc4 23. Rxc4 Nd3 24. Qc3 Qxc3 25. Rxc3 f5 26. Bf1 Ne5 27. Bc4+ Nxc4 28. Rxc4 Rd2 29. b4 Rb8 30. bxc5 Rbb2 31. Rf1 Rdc2 32. Ra4 Rxc5 33. Rxa7 Rcc2 34. a4 Ra2 35. Ra5 Kh7 36. Rxf5 Rxa4 37. Rb1 Rc7 38. Rb2 Re7 39. Rd2 Rc4 40. Rd6 Ra4 41. h4 Ra8 42. Kg2 Rae8 43. g4 Re5 44. Rxe5 Rxe5 45. Kg3 g5 46. hxg5 hxg5 47. Rf6 Re7 48. f4 exf3 49. Kxf3 Kg7 50. Rd6 Kh7 51. Ke2 Re4 52. Rd4 Re6 53. Kd3 Kg6 54. Rd5 Ra6 55. Ke4 Ra4+ 56. Rd4 Ra6 57. Ke5 Kf7 58. e4 Ra5+ 59. Rd5 Ra4 60. Kf5 Ra6 61. Rd7+ Ke8 62. Rg7 Ra5+ 63. e5 Kf8 64. Rb7 Ra1 65. Kxg5 Rf1 66. Kg6 Re1 67. Kf6 Rf1+ 68. Ke6 Rg1 69. Rb8+ Kg7 70. Rb4 Rf1 71. Ke7 Rf2 72. e6 Rf1 73. Rb5 Ra1 74. Rg5+ Kh7 75. Kf7 1-0